Clinical Cardiovascular Medicine in Anaesthesia (Record no. 1420)

MARC details
000 -LEADER
fixed length control field 00585nam a22002057a 4500
003 - CONTROL NUMBER IDENTIFIER
control field OSt
005 - DATE AND TIME OF LATEST TRANSACTION
control field 20191126110922.0
008 - FIXED-LENGTH DATA ELEMENTS--GENERAL INFORMATION
fixed length control field 150414b xxu||||| |||| 00| 0 eng d
020 ## - INTERNATIONAL STANDARD BOOK NUMBER
International Standard Book Number 0727911279
040 ## - CATALOGING SOURCE
Transcribing agency DNLM
082 ## - DEWEY DECIMAL CLASSIFICATION NUMBER
Classification number WG 460 C61 1997
245 ## - TITLE STATEMENT
Title Clinical Cardiovascular Medicine in Anaesthesia
260 ## - PUBLICATION, DISTRIBUTION, ETC. (IMPRINT)
Place of publication, distribution, etc. London:
Name of publisher, distributor, etc. BMJ Publishing Group;
Date of publication, distribution, etc. 1997
300 ## - PHYSICAL DESCRIPTION
Extent ix, 300 p:
Other physical details ill;
Dimensions 27 cm
504 ## - BIBLIOGRAPHY, ETC. NOTE
Bibliography, etc Includes references and index
650 ## - SUBJECT ADDED ENTRY--TOPICAL TERM
Topical term or geographic name as entry element Cardiovascular system
9 (RLIN) 5636
650 ## - SUBJECT ADDED ENTRY--TOPICAL TERM
Topical term or geographic name as entry element Anaesthesia
9 (RLIN) 13084
700 ## - ADDED ENTRY--PERSONAL NAME
Personal name Edited by Coriat Pierre
9 (RLIN) 3747
942 ## - ADDED ENTRY ELEMENTS (KOHA)
Source of classification or shelving scheme Other/Generic Classification Scheme
Koha item type Short Loan
Holdings
Withdrawn status Lost status Source of classification or shelving scheme Damaged status Not for loan Home library Current library Date acquired Source of acquisition Inventory number Total Checkouts Full call number Barcode Date last seen Koha item type
    Other/Generic Classification Scheme     MUST Main Library MUST Main Library 14/04/2015 Purchase 03/18477   WG460 C61 1997 2015-0920 14/04/2015 Short Loan